15 Plus grandes villes de République tchèque et de Slovaquie - Statistiques

Statistiques générales
  • Ce quiz a été pris 45 fois
  • Le résultat moyen est 5 sur 15
Réponses sur la Carte
Les réponses sont colorées sur une échelle allant du rouge au vert en fonction du pourcentage des utilisateurs qui les ont devinées à leur premier essai. Vous pouvez retrouver ces pourcentages ci-dessous.
 
Statistiques - réponses
Pays Ville Population % Correct
République tchèque Prague 1,4 million
100%
Slovaquie Bratislava 480 mille
92%
République tchèque Brno 400 mille
79%
République tchèque Olomouc 100 mille
41%
République tchèque Ostrava 280 mille
41%
Slovaquie Kosice 225 mille
36%
République tchèque Pilsen 190 mille
31%
Slovaquie Žilina 80 mille
31%
République tchèque Liberec 100 mille
21%
Slovaquie Nitra 75 mille
13%
Slovaquie Prešov 80 mille
13%
République tchèque České Budějovice 100 mille
10%
République tchèque Pardubice 90 mille
10%
République tchèque Ústí nad Labem 90 mille
8%
République tchèque Hradec Kralove 95 mille
5%
Aucun quiz correspondant
Distribution des résultats
% des personnes avec chaque résultat
Percentile par nombre de réponses
Votre historique - résultats
Vous n’avez pas pris ce quiz